Using analysis of online reputation to justify strategic marketing spend

Guardado en:
Detalles Bibliográficos
Autor principal: Dorčák, Peter, 1979-
Formato: Capítulo de libro
Lenguaje:inglés
Etiquetas: Agregar Etiqueta
Sin Etiquetas, Sea el primero en etiquetar este registro!

MARC

LEADER 00000naa a2200000 4500
001 0226929
005 20240502083608.5
041 0 |a eng 
044 |a NL 
245 1 0 |a Using analysis of online reputation to justify strategic marketing spend  |c Peter Dorčák 
100 1 |a Dorčák, Peter, 1979-